| 000 | 00877nam0a22002651 4500 | ||
|---|---|---|---|
| 001 | rc\2653527 | ||
| 005 | 20250529192324.0 | ||
| 035 | _a(NLR Aleph) 006960865 | ||
| 090 |
_a5342774 _c5342774 |
||
| 100 | _a20110613d1928 |||y0rusy50 ca | ||
| 101 | 0 | _arus | |
| 102 | _aRU | ||
| 105 | _ay z ||||| | ||
| 200 | 1 |
_aИз истории юношеского движения в Ржевском уезде _fС. Кузьмин |
|
| 210 |
_a[Ржев] _cБ. и. _d[1928] |
||
| 215 |
_a22 с. _d16 см |
||
| 225 | 1 | _aК десятилетию Ржевского комсомола | |
| 300 | _aПрил. к "Ржев. правде" № 98 | ||
| 422 | 0 |
_12001#$aРжевская правда$v№ 98 _tРжевская правда |
|
| 700 | 1 |
_aКузьмин _bС. |
|
| 801 | 0 |
_aRU _bNLR _gpsbo |
|
| 801 | 1 |
_aRU _bELAR _2rusmarc |
|
| 852 |
_aNLR _j92/3550 |
||
| 942 | _cBOOK | ||
| 980 | _aNB | ||